Statistics for Taylor Swift - Better Man Lyrics

Click here to take the quiz!

General Stats

  • This quiz has been taken 182 times
  • The average score is 435 of 489

Answer Stats

Answer% Correct
A
99%
a
99%
be
99%
better
99%
I
99%
man)
99%
man
99%
you
99%
"You
99%
You
99%
we
98%
We
98%
were
98%
the
95%
wish
95%
and
94%
And
94%
in
93%
miss
93%
of
93%
just
92%
my
92%
who
92%
can
91%
But
90%
(But
90%
feel
90%
it"
90%
it
90%
night
90%
some
90%
middle
89%
again
87%
again)
87%
I'm
87%
know
87%
me
87%
Sometimes
87%
(Sometimes
87%
to
87%
what
87%
he
86%
if
86%
like
86%
on
86%
when
86%
did
85%
do
85%
had
85%
was
85%
back
84%
off
84%
that
84%
could
83%
love
83%
say
83%
all
82%
oh
82%
Oh
82%
own
82%
your
82%
didn't
80%
goodbye
80%
hand
80%
never
80%
Never
80%
probably
80%
Than
80%
thing
80%
ever
79%
run
79%
see
79%
alone
78%
lovin’
78%
been
77%
wasn't
77%
AM
76%
I'd
76%
magic
76%
might
76%
would've
76%
would’ve
76%
can't
75%
myself
75%
one
75%
why
75%
4
74%
always
74%
at
74%
best
74%
Saying
74%
damage
72%
have
72%
his
72%
mirror
72%
become
71%
bravest
71%
gave
71%
it's
71%
still
71%
kind
70%
permanent
70%
thought
70%
away
69%
both
69%
gun
69%
mind
69%
Talking
69%
wonder
69%
beginning
68%
change
68%
down
68%
given
68%
now
68%
turn
68%
word
68%
careless
67%
forget
67%
hear
67%
loaded
67%
sweet
67%
any
66%
around
66%
jealousy
66%
minute
66%
standin’
66%
they
66%
because
64%
every
64%
Hoping
64%
Push
64%
this
64%
days
63%
hold
63%
terms
63%
needing
62%
these
61%
pride
56%
waited
56%
onto
55%

Score Distribution

Percentile by Number Answered

Percent of People with Each Score

Your Score History

You have not taken this quiz